Missing Word: Paul Simon A-Z Quiz Stats

 Plays Quiz Updated Feb 13, 2020

Support Sporcle.
Go Orange.
Score 0/25 Timer 04:00
0 Plays Today
Song title Missing word % Correct
Take Me to the Mardi ___Gras
96.2%
Late in the ___Evening
94.2%
The Sound of ___Silence
93.6%
Born in ___ RicoPuerto
92.8%
Sure Don't ___ Like LoveFeel
92.7%
50 Ways to ___ Your LoverLeave
92.2%
___ the Garden of EdieIn
92%
Go ___ It on the MountainTell
91.8%
___ and Child ReunionMother
91.4%
You Can Call Me ___Al
88.6%
___ African SkiesUnder
87.6%
At the ___Zoo
87.4%
___ the Customer SatisfiedKeep
86.9%
Song title Missing word % Correct
New ___ Is My HomeYork
86.3%
Armistice ___Day
86.3%
So Long, Frank Lloyd ___Wright
85.5%
___ BoundHomeward
85.3%
7 O'Clock News/Silent ___Night
83.9%
Red Rubber ___Ball
81.2%
I Am a ___Rock
75.4%
___ FriendsOld
64.2%
Crazy Love, ___. IIVol
41.4%
Oh ___ (Breaking My Heart)Cecilia
37.2%
The Late Great ___ AceJohnny
24.5%
___ for the AngelsQuestions
18.7%

Today's Daily Dose

Missing Word
Brady Bunch Lyrics

Get the Picture
US Coins

From the Vault

Geography Honeycomb II

by Barbecue

We're simply abuzz when it comes to geography.
Remove Ads.
Support Sporcle.
Get the best of Sporcle when you Go Orange. This ad-free experience offers more features, more stats, and more fun while also helping to support Sporcle. Thank you for becoming a member.

Show Comments

Extras

Top Quizzes Today


Score Distribution

Your Account Isn't Verified!

In order to create a playlist on Sporcle, you need to verify the email address you used during registration. Go to your Sporcle Settings to finish the process.

Report this User

Report this user for behavior that violates our Community Guidelines.

Details: